Középkori oklevélszövegek

Bibliographic Details
Main Author: Szentpétery, Imre (Author)
Format: Book
Language:English
PhysicalDescription:123 s.
Published: Budapest Királyi Magyar 1927

MARC

LEADER 00000nam a2200000 a 4500
001 vtls008697997
003 SK-MaSNL
005 20260302075105.0
008 240315 000 0 eng
040 |a SNK  |b slo  |c SNK  |e AACR2 
100 1 |a Szentpétery, Imre  |4 aut  |9 323822 
245 1 |a Középkori oklevélszövegek 
260 |a Budapest  |b Királyi Magyar  |c 1927 
300 |a 123 s. 
999 |c 1167821  |d 1169751 
952 |a SNK  |b SNK  |y PREZ  |7 0  |p 17A0507021  |o snkSD 13610  |i snk6647/57  |3 rekatalogizácia  |0 0  |1 0  |4 0  |d 2006-05-04  |l 0  |r 2025-11-26 00:00:00  |w 2026-02-24